000 00488nam a22001931a 4500
001 3933
003 OSt
005 20260204211909.0
008 050509s2001||||cu ||||||b||||||||||spa||
020 _a9591307446
050 _a375 A86d
082 _a375 A86d
100 _aAlvarez de Zayas, Carlos M.
245 _aEl diseño curricular / Carlos M. Alvarez de Zayas
264 _aCuba : Pueblo y Educación
300 _a118 p
650 _a1.Educación CurrícularÌ
942 _2ddc
_cBK
999 _c3933
_d3933